| 000 | 01504nam0a22003251 4500 | ||
|---|---|---|---|
| 001 | rc\2192541 | ||
| 005 | 20220608170519.0 | ||
| 035 | _a(NLR Aleph) 006540432 | ||
| 090 |
_a6630577 _c6630577 |
||
| 100 | _a20110826d1978 |||y0rusy50 ca | ||
| 101 | 0 | _arus | |
| 102 | _aRU | ||
| 105 | _ay z ||||| | ||
| 200 | 1 |
_aМетодические материалы по совершенствованию организации пунктов химизации совхозов и колхозов _fЦентр. ин-т агрохим. обслуж. сел. хоз-ва _g[Подгот. к. э. н. В.И. Попов, к. с.-х. н. А.С. Еремин] |
|
| 210 |
_aМосква _cКолос _d1978 |
||
| 215 |
_a34 с. _d20 |
||
| 320 | _aСписок лит.: с. 34 | ||
| 606 |
_aПункты химизации сельского хозяйства _xОрганизация _2psbo |
||
| 686 |
_aП04е(2)л4 _2rubbk |
||
| 702 | 1 |
_aЕремин _bА. С. _4220 |
|
| 702 | 1 |
_aПопов _bВ. И. _cканд. экон. наук, агрохимия _gВалерий Иванович _3RU\NLR\AUTH\770243404 _4220 |
|
| 712 | 0 | 2 |
_aЦентральный институт агрохимического обслуживания сельского хозяйства _cМосква _3RU\NLR\AUTH\889917840 |
| 801 | 0 |
_aRU _bNLR _gpsbo |
|
| 801 | 1 |
_aRU _bELAR _2rusmarc |
|
| 852 |
_aNLR _j78-4/23682 |
||
| 899 |
_aRuMoRGB _jM 78-12/399 |
||
| 899 |
_aRuMoRGB _jM 78-12/400 |
||
| 942 | _cBOOK | ||
| 980 | _aNB | ||